[Event "Reykjavik Kvika op"]
[Site "Reykjavik"]
[Date "2022.04.09"]
[Round "5"]
[White "Bohlin, Jan"]
[Black "Palsson, Oli"]
[Result "1-0"]
[WhiteElo "1849"]
[BlackElo "1295"]
[PlyCount "47"]
[EventDate "2022.04.06"]
[EventType "swiss"]
[EventRounds "9"]
[EventCountry "ISL"]
[SourceTitle "CBM 207 Extra"]
[Source "ChessBase"]
[SourceDate "2022.05.31"]
[SourceVersion "1"]
[SourceVersionDate "2022.05.31"]
[SourceQuality "1"]

1. c4 e5 2. Nc3 Nf6 3. Nf3 Nc6 4. g3 Be7 5. Bg2 0-0 6. 0-0 d6 7. d4 exd4 8. Nxd4 Ne5 9. b3 c6 10. Bb2 Bd7 11. Qd2 Qc8 12. Rad1 Bh3 13. f4 Bxg2 14. Kxg2 Ng6 15. e4 h5 16. Nf5 Qd7 17. Nxe7+ Qxe7 18. Qxd6 Qxd6 19. Rxd6 h4 20. Rfd1 hxg3 21. hxg3 Rfe8 22. Kf3 Re7 23. e5 Nh5 24. Rh1 1-0

[Event "Reykjavik Kvika op"]
[Site "Reykjavik"]
[Date "2022.04.08"]
[Round "4"]
[White "Palsson, Oli"]
[Black "Magnusson, Magnus"]
[Result "1/2-1/2"]
[WhiteElo "1295"]
[BlackElo "2014"]
[PlyCount "46"]
[EventDate "2022.04.06"]
[EventType "swiss"]
[EventRounds "9"]
[EventCountry "ISL"]
[SourceTitle "CBM 207 Extra"]
[Source "ChessBase"]
[SourceDate "2022.05.31"]
[SourceVersion "1"]
[SourceVersionDate "2022.05.31"]
[SourceQuality "1"]

1. e4 e5 2. Nf3 Nc6 3. Bc4 Nf6 4. 0-0 Bc5 5. c3 d6 6. d4 exd4 7. cxd4 Bb6 8. h3 h6 9. Nc3 g5 10. d5 Ne5 11. Bb5+ Bd7 12. Bxd7+ Qxd7 13. Be3 Ng6 14. Bxb6 axb6 15. Rc1 Nf4 16. Nd4 0-0 17. Qf3 N6h5 18. Nf5 Ng7 19. Nxh6+ Kh7 20. Ng4 f5 21. exf5 Nxf5 22. Rfd1 Rae8 23. Ne4 Kg6 1/2-1/2